Giải pháp nâng cao giá trị gia tăng chuỗi giá trị dưa hấu tỉnh Long An : Luận văn tốt nghiệp Thạc sĩ. Chuyên ngành Kinh tế nông nghiệp

Phân tích chuỗi giá trị dưa hấu tỉnh Long An nhằm đề xuất một số giải pháp nâng cao GTGT, giúp người dân trồng dưa hấu đạt hiệu quả kinh tế cao hơn và đời sống được cải thiện.

Tallennettuna:
Bibliografiset tiedot
Päätekijä: Nguyễn, Thị Thu Hân
Aineistotyyppi: Kirja
Kieli:Undetermined
Julkaistu: Cần Thơ Trường Đại học Cần Thơ 2017
Aiheet:
Tagit: Lisää tagi
Ei tageja, Lisää ensimmäinen tagi!
Thư viện lưu trữ: Trung tâm Học liệu Trường Đại học Cần Thơ
LEADER 01162nam a2200229Ia 4500
001 CTU_221546
008 210402s9999 xx 000 0 und d
082 |a 338.5 
082 |b H121 
088 |a 60620115 
100 |a Nguyễn, Thị Thu Hân 
245 0 |a Giải pháp nâng cao giá trị gia tăng chuỗi giá trị dưa hấu tỉnh Long An : 
245 0 |b Luận văn tốt nghiệp Thạc sĩ. Chuyên ngành Kinh tế nông nghiệp 
245 0 |c Nguyễn Thị Thu Hân ; Võ Thị Thanh Lộc (Cán bộ hướng dẫn) 
260 |a Cần Thơ 
260 |b Trường Đại học Cần Thơ 
260 |c 2017 
520 |a Phân tích chuỗi giá trị dưa hấu tỉnh Long An nhằm đề xuất một số giải pháp nâng cao GTGT, giúp người dân trồng dưa hấu đạt hiệu quả kinh tế cao hơn và đời sống được cải thiện. 
650 |a Production economics,Kinh tế sản xuất 
650 |x Management,Quản lý 
904 |i My,Hải 
980 |a Trung tâm Học liệu Trường Đại học Cần Thơ